00667 2200265 4500001002100000005001700021006001900038008004100057020002200098035002500120090001400145100001400159245002600173260003200199700001700231990001700248990001700265990001700282990001700299990001700316990001700333990001700350990001700367990001700384INLIS00000000000849020140311110010.0a ||| | 180719| ||| |  a978-979-063-592-0 a0010-081300000000127 a813 GON b0 aGola Gong00abalada penyanyi cilik aJakartabBestari Kidsc20100 aTias Tatanka a8657/PN/2013 a9012/PN/2013 a8657/PN/2013 a8657/PN/2013 a9012/PN/2013 a8657/PN/2013 a9012/PN/2013 a8657/PN/2013 a9012/PN/2013